000 01076nam a2200301Ia 4500
005 20220317000624.0
008 160601s2001 sp a g 000 0 spa
020 _a8484180948
100 1 _aAsare, Meshack
_d1945-
245 1 3 _aLa llamada de Sosu
_ctexto e ilustraciones Meshack Asare ; traducción Paula Ungar
250 _a1a. edición
300 _a37 páginas
_bilustraciones en color
_c29 cm
534 _tSosu's call
650 1 4 _2LEMB
_aCuentos infantiles africanos
_ySiglo XX
650 1 4 _2LEMB
_aLiteratura infantil africana
_ySiglo XX
650 1 4 _2LEMB
_aHéroes en la literatura
650 1 4 _2LEMB
_aConvivencia en la literatura
650 1 4 _2LEMB
_aAnimales humanizados en la literatura
700 1 _aAsare, Meshack
_eilustrador
_950697
700 1 _aUngar, Paula
_etraductor
_950698
942 _2loc
_cBKINF
264 _aBarcelona
_bZendrera Zariquiey
_c2001
336 _atexto
_btxt
_2rdacontent
337 _asin mediación
_bn
_2rdamedia
338 _avolumen
_bnc
_2rdacarrier
040 _aCO-BoRNBP
_bspa
_erda
_cCO-BoRNBP
084 _aC ASA1
999 _c4584
_d4584